EA FC25 Best Player From Each League - Statistics

General Stats
  • This quiz has been taken 184 times
  • The average score is 10 of 42
Answer Stats
Rate League Club Nation Answer % Correct
91 LaLiga Real Madrid France Kylian Mbappe
99%
91 Premier League Man City Norway Erling Haaland
97%
90 Bundesliga Bayern England Harry Kane
96%
88 MLS Inter Miami Argentina Lionel Messi
96%
87 Saudi Pro League Al Hilal Brazil Neymar Jr
92%
89 Serie A Inter Argentina Lautaro Martinez
90%
89 Ligue 1 PSG Italy Gianluigi Donnarumma
88%
87 Superlig Galatasaray Nigeria Victor Osimhen
77%
84 Liga Portugal Sporting Sweden Viktor Gyokeres
75%
83 Serie B Sassuolo Italy Domenico Berardi
33%
83 Libertadores River Plate Argentina Marcos Acuna
26%
81 Eredivisie Feyenoord Slovakia David Hancko
25%
80 Scottish Prem Celtic Denmark Kasper Schmeichel
22%
80 Pro League Club Brugge Belgium Hans Vanaken
19%
78 CSL Shanghai Port Brazil Oscar
18%
80 Liga Hrvatska Hajduk Split Croatia Ivan Rakitic
15%
77 Championship Luton Town England Alfie Doughty
6%
79 Hellas Liga AEK Athens Argentina Erik Lamela
6%
79 UE League Al Ain Paraguay Kaku
4%
77 Bundesliga 2 FC Koln Germany Marvin Schwabe
4%
78 Ukrayina Liha Dinamo Kyiv Ukraine Mykola Shaparenko
4%
76 Eliteserien Bodo/Glimt Norway Patrick Berg
4%
77 Ligue 2 Lorient Switzerland Yvon Mvogo
4%
78 Magyar Liga Ferencvaros Hungary Denes Dibusz
3%
74 A-League Sydney FC England Joe Lolley
3%
77 LaLiga 2 Almeria Portugal Luis Maximiano
3%
78 Ceska Liga Sparta Prague Slovakia Lukas Haraslin
3%
77 O. Bundesliga RB Salzburg Germany Janis Blaswich
2%
76 3F Superliga Midtjylland Switzerland Kevin Mbabu
2%
68 SSE Airtricity Shamrock Rovers Ireland Jack Byrne
1%
68 League Two Notts County Malta Jodi Jones
1%
73 Liga Azerbaijan Qarabag Brazil Juninho Vieira
1%
74 Ekstraklasa Pogon Szczecin Poland Kamil Grosicki
1%
72 League One Birmingham City Poland Krystian Bielik
1%
74 Allsvenskan Hacken Denmark Mikkel Rygaard
1%
75 K League 1 Pohang Steelers Brazil Oberdan
1%
75 CSSL Lugano Switzerland Renato Steffen
1%
73 SUPERLIGA FCSB Romania Darius Olaru
0%
72 ISL Bengaluru FC Spain Edgar Mendez
0%
67 Finnliiga HJK Helsinki Ghana Hans Sarpei
0%
73 Liga Cyprus APOEL Germany Max Meyer
0%
70 3. Liga Arminia Bielefeld Nigeria Noah Bazee
0%
No matching quizzes found
Score Distribution
Percent of People with Each Score
Percentile by Number Answered
Your Score History
You have not taken this quiz